Tạp chí nghiên cứu tài chính - marketing.

Spremljeno u:
Bibliografski detalji
Format: Serijal
Jezik:Vietnamese
Izdano: Tp.HCM : Bộ Tài chính.
Teme:
Oznake: Dodaj oznaku
Bez oznaka, Budi prvi tko označuje ovaj zapis!
Thư viện lưu trữ: Mạng thư viện Đại học Đà Nẵng
LEADER 00762cas a2200313 a 4500
001 000043229
003 1104
005 20110823093346.0
008 110823b vm 000 vie
022 |a 1859-3690 
040 |a IRC  |c IRC  |d IRC 
041 0 |a vie 
082 1 4 |a 332.05  |b Ta-C 
245 0 0 |a Tạp chí nghiên cứu tài chính - marketing. 
260 |a Tp.HCM :  |b Bộ Tài chính. 
300 |c 29 cm. 
630 0 4 |a Tài chính. 
630 0 4 |a Marketing. 
650 0 4 |a Marketing  |v Tạp chí. 
650 0 4 |a Tài chính  |v Tạp chí. 
OWN |a DUT 
999 |a From the UDN01 
TYP |a Printed language 
980 |a Mạng thư viện Đại học Đà Nẵng